ESSENTIAL OF PREVENTIVE & COMMUNITY DENTISTRY (Record no. 3128)

MARC details
000 -LEADER
fixed length control field 00395nam a2200145Ia 4500
008 - FIXED-LENGTH DATA ELEMENTS--GENERAL INFORMATION
fixed length control field 150201s2002 xx 000 0 und d
082 ## - DEWEY DECIMAL CLASSIFICATION NUMBER
Classification number 617.601
Item number E2002S
100 ## - MAIN ENTRY--PERSONAL NAME
Personal name SOBEN PETER
245 ## - TITLE STATEMENT
Title ESSENTIAL OF PREVENTIVE & COMMUNITY DENTISTRY
250 ## - EDITION STATEMENT
Edition statement 1ST
260 ## - PUBLICATION, DISTRIBUTION, ETC. (IMPRINT)
Name of publisher, distributor, etc. ARYA PUBLICATION
Place of publication, distribution, etc. DELHI
Date of publication, distribution, etc. 2002
300 ## - PHYSICAL DESCRIPTION
Extent 1-945
650 ## - SUBJECT ADDED ENTRY--TOPICAL TERM
Topical term or geographic name as entry element PREVENTIVE AND COMMUNITY DENTISTRY
942 ## - ADDED ENTRY ELEMENTS (KOHA)
Source of classification or shelving scheme Dewey Decimal Classification
Koha item type Books
Koha issues (borrowed), all copies 23
Holdings
Withdrawn status Lost status Source of classification or shelving scheme Damaged status Not for loan Home library Current library Date acquired Source of acquisition Cost, normal purchase price Serial Enumeration / chronology SGTU Bill Number Total Checkouts Full call number Barcode Date last seen Date last checked out Bill Date Koha item type Total Renewals
    Dewey Decimal Classification     SGT Dental Library SGT Dental Library 09/03/2005 U.B.S.DELHI 425.00 1 SGTU 1305 10 617.601 E2002S FD3025 11/05/2026 11/05/2026 07/04/2012 Books  
    Dewey Decimal Classification     SGT Dental Library SGT Dental Library 19/04/2012 U.B.S.DELHI 625.00 1 SGTU 44 22 617.601 E2011S FD6662 11/05/2026 11/05/2026 25/06/2013 Books  
    Dewey Decimal Classification     SGT Dental Library SGT Dental Library 19/04/2012 U.B.S.DELHI 625.00 1 SGTU 44 54 617.601 E2011S FD6663 30/03/2026 30/03/2026 25/06/2013 Books 1
    Dewey Decimal Classification     SGT Dental Library SGT Dental Library 19/04/2012 U.B.S.DELHI 625.00 1 SGTU 44 22 617.601 E2011S FD6664 31/03/2026 31/03/2026 25/06/2013 Books 1